000 00613nam a22001937a 4500
003 0
005 20260113160343.0
008 260113b xxu||||| |||| 00| 0 eng d
020 _a978-1-63322-246-5
082 _aREF 551.55
_bCob653 2017
100 _aCobb, Vicki
245 _aHow could we harness a hurricane?
_cVicki Cobb
260 _aLake Forest, CA :
_bSea Grass,
_c2017.
300 _a47 pages :
_bcolored illustrations ;
_c26 cm.
504 _aIncludes bibliographical references and index.
650 _aHurricanes
_xJuvenile literature.
650 _aNatural disasters
_xPrevention.
942 _2ddc
_cBK
999 _c368700
_d368700